| 000 | 00803pam a2200229 a 4500 | ||
|---|---|---|---|
| 001 | 2438145 | ||
| 005 | 20250724093704.0 | ||
| 008 | 880823s1988 miua bd 001 0deng | ||
| 020 | _a0310441005 | ||
| 020 | _a9780310441007 | ||
| 050 | 0 | 0 |
_aBR1644 _b.D53 1988 |
| 082 | 0 | 0 |
_a270.8/2 _219 |
| 245 | 0 | 0 |
_aDictionary of Pentecostal and charismatic movements / _cStanley M. Burgess and Gary B. McGee, editors ; Patrick H. Alexander, associate editor. |
| 260 |
_aGrand Rapids, Mich. : _bRegency Reference Library, _cc1988. |
||
| 300 |
_axi, 914 p. : _bill. ; _c25 cm. |
||
| 650 | 0 |
_aPentecostalism _xDictionaries. |
|
| 650 | 0 |
_aPentecostal churches _xDictionaries. |
|
| 700 | 1 |
_aBurgess, Stanley M., _d1937- |
|
| 700 | 1 |
_aMcGee, Gary B., _d1945-2008. |
|
| 700 | 1 | _aAlexander, Patrick H. | |
| 942 |
_2lcc _cBK _n0 |
||
| 999 |
_c7132 _d7132 |
||